000 00693nam a2200193 a 4500
008 060717s2004 ||||||||||||||||| || u
020 _a1552501388
050 _aTC 409 Pre
100 _aSchevchuk V. Y. [and others]
245 1 0 _aPreserving the Dnipro river
246 _aharmony, history and rehabilitation
260 _aOttawa
_bIDRC
_c2004
300 _a116p. ; ill.
350 _a0.00
650 _aWATER
650 _aDINIEPER--ENVIRONMENTAL CONDITIONS
650 _aWATER RESOURCES MANAGEMENT--DNIEPER RIVER
995 _D0.00
_FCBU-MAIN LIBRARY (Kitwe)
_H1
_I0.00
_M1
_UAVAILABLE
_WJul 17, 2006
_ZMain Library Open Access Collection
999 _c54400
_d54400